Normal view
MARC view
- Ito, Tatayuki
Entry Personal Name
001 - CONTROL NUMBER
- control field: 81780
003 - CONTROL NUMBER IDENTIFIER
- control field: NUST
005 - DATE AND TIME OF LATEST TRANSACTION
- control field: 20210827114723.0
008 - FIXED-LENGTH DATA ELEMENTS
- fixed length control field: 210827|| aca||aabn | a|a d
040 ## - CATALOGING SOURCE
- Original cataloging agency: NUST
- Transcribing agency: NUST
100 ## - HEADING--PERSONAL NAME
- Personal name: Ito, Tatayuki
670 ## - SOURCE DATA FOUND
- Source citation: Work cat.: (NUST)32896: Robu, Valentin. 81779, Advances in agent-based complex automated negotiations, c2009.
